000 00471nam a2200181Ia 4500
001 11370
005 20260306162823.0
008 260306t2022||||xx |||||||||||||| ||spa||
041 _aESP
082 _a985.04
_bB141G
100 _aVicuña Mackenna, Benjamín,
_eAUT
245 0 _aLa revolución de la independencia del Perú desde 1809 a 1819
260 _c2022
300 _a223 páginas :
_c20 cm.
650 _aGEN
654 _aCHU
942 _cLIB
_dJUS
_fJUS
_2ddc
_n
999 _c11370
_d11370